LEADER 02314njm a2200517 a 4500
001 000267160
003 CZ BrMZK
005 20070703090658.0
008 950101s1995 xr f cze d
028 0 3 |a SU 5073-4 811  |b Supraphon Records 
040 |a BOA001  |b cze 
072 7 |a 821-93  |x Literatura pro děti a mládež (beletrie)  |2 Konspekt  |9 26 
072 7 |a 821.162.3-3  |x Česká próza  |2 Konspekt  |9 25 
080 |a 821.162.3-34  |2 MRF 
080 |a (0:82-34)  |2 MRF 
080 |a (086.7.053.2)  |2 MRF 
080 |a (086.7)  |2 MRF 
100 1 |a Široká, Zdenka  |4 aut 
245 1 0 |a O kozlíčkovi Kryšpínovi a neposlušné koze Róze  |h [zvukový záznam] /  |c Zdenka Široká. O kropenaté slepičce / František Nepil. Kohoutí zápas 
260 |a Praha :  |b Supraphon Records,  |c p1970, 1973, 1989, p1995 
300 |a 1 MC :  |b stereo, Dolby systém +  |e 1 složený list. 
490 1 |a Pohádky pod polštář 
500 |a Durata neuv 
500 |a Nahr. 1989, 1970, 1973 
511 0 |a Účinkují: Josef Větrovec; Antonín Jedlička; Miroslava Janoušková ... [et al.]. 
655 7 |a české pohádky  |7 fd133970  |2 czenas 
655 7 |a zvukové záznamy pro děti a mládež  |7 fd186726  |2 czenas 
655 7 |a zvukové kazety  |7 fd186720  |2 czenas 
700 1 |a Maršík, Josef,  |d 1927-  |7 mzk2006363765  |4 prf 
700 1 |a Navrátil, Bořivoj,  |d 1933-2011  |7 ola200202278  |4 prf 
700 1 |a Svobodová, Ilona,  |d 1960-  |7 ola2002142377  |4 prf 
700 1 |a Větrovec, Josef,  |d 1922-2002  |7 jn19990209986  |4 prf 
700 1 |a Štichová, Marie  |7 jk01131415  |4 prf 
700 1 |a Nepil, František,  |d 1929-1995  |7 jk01083177  |4 aut 
700 1 |a Bruder, Jiří,  |d 1928-2014  |7 jo2001100195  |4 prf 
700 1 |a Bydžovská, Zuzana,  |d 1961-  |7 jn20000400325  |4 prf 
700 1 |a Cupák, Eduard,  |d 1932-1996  |7 jn99240000141  |4 prf 
700 1 |a Drbohlavová, Jana,  |d 1940-2019  |7 jn20000400539  |4 prf 
700 1 |a Havelková, Libuše,  |d 1924-2017  |7 jn19981001434  |4 prf 
700 1 |a Jedlička, Antonín,  |d 1923-1993  |7 jk01051384  |4 prf 
700 1 |a Kepka, Jaroslav,  |d 1935-2019  |7 jn20000710181  |4 prf 
700 1 |a Krásová, Marta,  |d 1901-1970  |7 jn19990209418  |4 prf 
830 0 |a Pohádky pod polštář 
910 |a BOA001  |b KZ-0003.274 
990 |a AV 
996 6 |b 261H003310  |c KZ-0003.274  |l MZK  |r Sklad / do 24 hodin  |n 0  |w 000267160  |u 000010  |a 1  |e BOA001  |j MZK50  |s P